00890 2200325 4500001002100000005001500021035002000036007000300056040001700059100003600076245005900112250001200171300003600183020001800219041000800237082001200245084001800257090002300275264004000298336002100338337003000359338002300389650001000412850001000422008004100432504002800473990002100501990002100522990002100543INLIS00000000000557820260513065641 a0010-0222000668ta aSBPUPADbIND0 aInu Kencana Syafi'ieePengarang1 aIlmu Pemerintahan Dan Al-Quran /cInu Kencana Syafi'ie a.-cet.1 axxi, 222 hlm :billus. ;c23 cm a979-526-872-4 aind a297.632 a297.632 INU i a297.632 INU i 5-6 a.--jakarta :bPT Bumi Aksara,c2004 2rdacontentaTeks 2rdamediaaTanpa Perantara 2rdacarrieraVolume 4aAgama aPUPAD260513 0  abibliografi,hlm 208-213 a133/BR/KAPD 2011 a134/Br/KAPD 2011 a135/Br/KAPD 2011